[Event "World Rapid 2023"]
[Site "Samarkand UZB"]
[Date "2023.12.28"]
[EventDate "2023.12.26"]
[Round "12.83"]
[Result "0-1"]
[White "Sumiya Bilguun"]
[Black "Almas Rakhmatullaev"]
[WhiteElo "2466"]
[BlackElo "2383"]
[PlyCount "86"]

1. e4 e5 2. Nf3 Nf6 3. Nxe5 d6 4. Nf3 Nxe4 5. Nc3 Nxc3 6. dxc3 Nc6 7. Be3 Be7 8.
Qd2 Be6 9. O-O-O Qd7 10. Kb1 a6 11. Ng5 O-O-O 12. Nxe6 fxe6 13. g3 Bf6 14. c4
Ne5 15. f4 Ng4 16. Bg1 h5 17. Bg2 Qa4 18. Qe2 Rhe8 19. h3 Nh6 20. Rd3 d5 21.
cxd5 exd5 22. Qd2 Nf5 23. Bc5 Qc4 24. Ba3 d4 25. Rc1 Ne3 26. Bf3 h4 27. g4 g5
28. Rb3 c6 29. Qa5 Nd5 30. f5 Re5 31. Qd2 Rde8 32. Qd3 b5 33. Qd2 Re3 34. Bd6
Kd7 35. Bh2 Rxf3 36. Rxf3 Re2 37. b3 Rxd2 38. bxc4 bxc4 39. Bg1 d3 40. Be3 Nc3+
41. Ka1 Re2 42. a4 Nd5+ 43. Kb1 Nxe3 0-1

[Event "World Rapid 2023"]
[Site "Samarkand UZB"]
[Date "2023.12.28"]
[EventDate "2023.12.26"]
[Round "12.84"]
[Result "1/2-1/2"]
[White "Daler Vakhidov"]
[Black "Jens Hirneise"]
[WhiteElo "2175"]
[BlackElo "2270"]
[PlyCount "78"]

1. d4 Nf6 2. Nf3 g6 3. g3 Bg7 4. c4 O-O 5. Bg2 d6 6. Nc3 Bf5 7. O-O Ne4 8. Nh4
Nxc3 9. bxc3 Bc8 10. a4 c5 11. dxc5 dxc5 12. Be3 Qa5 13. Qb3 Nd7 14. Rfc1 Qc7
15. Rd1 Rb8 16. a5 h6 17. Bf4 Ne5 18. Nf3 Kh7 19. Rd5 Nxf3+ 20. Bxf3 e5 21. Be3
b6 22. axb6 axb6 23. Rad1 Be6 24. Rd6 Rfe8 25. Qb5 Red8 26. Rxd8 Rxd8 27. Bd5 e4
28. Qb3 Bf5 29. Rb1 Rb8 30. Qb5 Be5 31. Qc6 Kg7 32. Qxc7 Bxc7 33. Ra1 Be5 34.
Ra7 Rf8 35. Bd2 g5 36. Rb7 Bg6 37. Rxb6 Rb8 38. Rxb8 Bxb8 39. Be3 Bd6 1/2-1/2

[Event "World Rapid 2023"]
[Site "Samarkand UZB"]
[Date "2023.12.28"]
[EventDate "2023.12.26"]
[Round "12.85"]
[Result "0-1"]
[White "Zhandos Agmanov"]
[Black "David Akhmedov"]
[WhiteElo "2460"]
[BlackElo "2244"]
[PlyCount "128"]

1. e4 c5 2. Nf3 d6 3. d4 cxd4 4. Nxd4 Nf6 5. Nc3 a6 6. Be3 e5 7. Nb3 Be6 8. h3
Nbd7 9. g4 h6 10. Qd3 Rc8 11. O-O-O b5 12. f4 Qc7 13. f5 Bc4 14. Qd2 b4 15. Nd5
Nxd5 16. exd5 Bxf1 17. Rhxf1 a5 18. Kb1 a4 19. Nc1 Rb8 20. h4 a3 21. g5 hxg5 22.
hxg5 axb2 23. Nb3 Rh4 24. f6 gxf6 25. gxf6 Rc8 26. Rde1 Qc3 27. Qf2 Re4 28. Re2
Qc4 29. Rfe1 Nxf6 30. Qxf6 Rxe3 31. Qf5 Rxe2 32. Rxe2 Rc7 33. Qf3 Qc3 34. Qg2
Rc4 35. Rd2 Qe3 36. Kxb2 Qe4 37. Qg1 Be7 38. Qg8+ Bf8 39. Qg1 Rc7 40. Na5 Bh6
41. Rd3 Rxc2+ 42. Kxc2 Qe2+ 43. Kb3 Qxd3+ 44. Ka4 Qxd5 45. Qh2 Bg5 46. Nb3 Qc4
47. Qg2 Bd8 48. Qb7 d5 49. Qb8 f6 50. Qd6 Be7 51. Qe6 Kf8 52. Na5 Qxa2+ 53. Kb5
Qc2 54. Qxd5 e4 55. Qh5 Qc5+ 56. Qxc5 Bxc5 57. Kc4 f5 58. Nb3 Bd6 59. Nd4 f4 60.
Nf5 f3 61. Kd4 f2 62. Ne3 Bc5+ 63. Kxc5 b3 64. Kd4 0-1

[Event "World Rapid 2023"]
[Site "Samarkand UZB"]
[Date "2023.12.28"]
[EventDate "2023.12.26"]
[Round "12.86"]
[Result "1-0"]
[White "Mohamed Tissir"]
[Black "Rojas Salas, Steven"]
[WhiteElo "2349"]
[BlackElo "2172"]
[PlyCount "44"]

1. e4 c5 2. Nc3 e6 3. Nf3 a6 4. d4 cxd4 5. Nxd4 b5 6. Bd3 Bb7 7. O-O Nc6 8. Nb3
Nf6 9. Qe2 Qc7 10. f4 d6 11. Bd2 Be7 12. Rae1 O-O 13. e5 dxe5 14. fxe5 Nd7 15.
Bf4 Rfd8 16. Nd5 exd5 17. Bxh7+ Kxh7 18. Qh5+ Kg8 19. e6 Nde5 20. exf7+ Kf8 21.
Bxe5 Bc5+ 22. Nxc5 1-0

[Event "World Rapid 2023"]
[Site "Samarkand UZB"]
[Date "2023.12.28"]
[EventDate "2023.12.26"]
[Round "12.87"]
[Result "1-0"]
[White "Danis Kuandykuly"]
[Black "Gianmarco Leiva"]
[WhiteElo "2095"]
[BlackElo "2398"]
[PlyCount "92"]

1. e4 c6 2. d4 d5 3. Nc3 dxe4 4. Nxe4 Nf6 5. Nxf6+ exf6 6. c3 Bd6 7. Bd3 O-O 8.
Qc2 h5 9. Ne2 Re8 10. O-O Nd7 11. Be3 Nf8 12. c4 h4 13. h3 Bd7 14. d5 c5 15. Nc3
Qc7 16. Ne4 Re7 17. b4 b6 18. bxc5 bxc5 19. Rab1 Rae8 20. Nxd6 Qxd6 21. Rfe1 g5
22. Bf5 Bxf5 23. Qxf5 Nd7 24. Rb5 Nb6 25. Rc1 Rxe3 26. fxe3 Rxe3 27. Qf2 Qe7 28.
d6 Qe5 29. Rd1 Kg7 30. Rxb6 Re2 31. Qf1 Qe3+ 32. Kh1 Rf2 33. Qg1 axb6 34. d7 Rd2
35. Qxe3 Rxd1+ 36. Kh2 Rxd7 37. a4 Rd4 38. Qb3 Rd6 39. Qb5 f5 40. a5 bxa5 41.
Qxc5 Rf6 42. Qxa5 Kg6 43. c5 g4 44. hxg4 fxg4 45. Qb4 Kg5 46. c6 1-0

[Event "World Rapid 2023"]
[Site "Samarkand UZB"]
[Date "2023.12.28"]
[EventDate "2023.12.26"]
[Round "12.88"]
[Result "1/2-1/2"]
[White "Sergey Sklokin"]
[Black "O'Gorman, Tom"]
[WhiteElo "1780"]
[BlackElo "2322"]
[PlyCount "154"]

1. e4 e5 2. Nf3 Nc6 3. Nc3 Nf6 4. Be2 d5 5. exd5 Nxd5 6. O-O Nxc3 7. bxc3 e4 8.
Ne1 f5 9. d4 Bd6 10. g3 f4 11. Bxf4 Bxf4 12. gxf4 O-O 13. Ng2 Bh3 14. f3 Bxg2
15. Kxg2 e3 16. Bc4+ Kh8 17. Qe2 Qe7 18. Rae1 Rae8 19. Bd5 Nd8 20. Be4 Ne6 21.
Qxe3 Nxf4+ 22. Kh1 Qa3 23. Rg1 Re6 24. Rg4 Ref6 25. Reg1 g6 26. Bxb7 Qxa2 27.
Be4 a5 28. d5 Qa3 29. h4 a4 30. h5 Qd6 31. hxg6 hxg6 32. Bxg6 Nxg6 33. Qh6+ Kg8
34. Rxg6+ Kf7 35. Qh7+ Ke8 36. Re1+ Kd8 37. Re6 Rxg6 38. Qxg6 Qxd5 39. Qd3 Qxd3
40. cxd3 Rxf3 41. Ra6 Rxd3 42. Rxa4 Rxc3 43. Kg2 Re3 44. Kf2 Re7 45. Kf3 Kd7 46.
Ra6 Re8 47. Ra3 c5 48. Re3 Ra8 49. Ke2 Kc6 50. Kd2 Ra2+ 51. Kc1 Kd5 52. Rg3 Kd4
53. Rg4+ Kc3 54. Rg3+ Kb4 55. Rg4+ Kb5 56. Kb1 Re2 57. Kc1 Kc6 58. Rg6+ Kd5 59.
Rg4 Re3 60. Rh4 c4 61. Kc2 Kc5 62. Rh8 Re2+ 63. Kc3 Re3+ 64. Kc2 Rg3 65. Rc8+
Kd4 66. Rd8+ Ke4 67. Re8+ Kd4 68. Rd8+ Kc5 69. Rc8+ Kd5 70. Rd8+ Ke6 71. Rd4 c3
72. Re4+ Kd5 73. Rh4 Kc5 74. Rh5+ Kd4 75. Rh4+ Kc5 76. Rh5+ Kd4 77. Rh4+ Ke5 1/2-1/2

[Event "World Rapid 2023"]
[Site "Samarkand UZB"]
[Date "2023.12.28"]
[EventDate "2023.12.26"]
[Round "12.89"]
[Result "1-0"]
[White "Nikolay Tregubenko"]
[Black "Gallego Alcaraz, Andres Felipe"]
[WhiteElo "2017"]
[BlackElo "2486"]
[PlyCount "42"]

1. e4 c5 2. Nf3 Nc6 3. d4 cxd4 4. Nxd4 Nf6 5. Nc3 d6 6. Bg5 e6 7. Qd2 Qb6 8. Nb3
Be7 9. O-O-O O-O 10. f3 Rd8 11. h4 d5 12. exd5 Nxd5 13. Nxd5 Rxd5 14. Bd3 Nb4
15. Qe2 f6 16. Be3 Nxd3+ 17. Rxd3 Qa6 18. Rhd1 Rxd3 19. Qxd3 Qxa2 20. Qb5 Kf8
21. Bc5 1-0

[Event "World Rapid 2023"]
[Site "Samarkand UZB"]
[Date "2023.12.28"]
[EventDate "2023.12.26"]
[Round "12.90"]
[Result "1-0"]
[White "Timur Yonal"]
[Black "Harold Wanyama"]
[WhiteElo "2003"]
[BlackElo "2238"]
[PlyCount "110"]

1. e4 c5 2. Nc3 Nc6 3. Bb5 g6 4. Bxc6 dxc6 5. d3 Bg7 6. h3 e5 7. Nf3 Ne7 8. Be3
b6 9. Qd2 h6 10. O-O Be6 11. Nh2 Qd7 12. f4 exf4 13. Rxf4 O-O 14. Raf1 f5 15.
R4f2 g5 16. g3 fxe4 17. Rxf8+ Rxf8 18. Rxf8+ Kxf8 19. Nxe4 Bxh3 20. Qf2+ Qf5 21.
g4 Qxf2+ 22. Nxf2 Nd5 23. Bd2 Bd4 24. c3 Bxf2+ 25. Kxf2 h5 26. gxh5 Bf5 27. Bxg5
Bxd3 28. Ng4 c4 29. Ne5 c5 30. Kf3 Bb1 31. a3 b5 32. Nd7+ Kf7 33. Nxc5 Bc2 34.
h6 Kg6 35. Bd2 Nf6 36. Ne6 Bd1+ 37. Kf4 Nd7 38. Ke4 Bg4 39. Nc7 Nc5+ 40. Kd5 Nd3
41. Nxb5 Nxb2 42. Nxa7 Bf3+ 43. Kc5 Bg4 44. Nc6 Be6 45. Ne5+ Kh7 46. Kb4 Nd1 47.
Nxc4 Nf2 48. Ne5 Ne4 49. Be3 Nf6 50. c4 Kg8 51. a4 Bc8 52. Kb5 Ne8 53. a5 Kh7
54. Kb6 Bh3 55. a6 Nf6 1-0

[Event "World Rapid 2023"]
[Site "Samarkand UZB"]
[Date "2023.12.28"]
[EventDate "2023.12.26"]
[Round "12.91"]
[Result "0-1"]
[White "Bakhrom Bakhrillaev"]
[Black "Khumoyun Begmuratov"]
[WhiteElo "2332"]
[BlackElo "2371"]
[PlyCount "152"]

1. d4 Nf6 2. c4 e6 3. Nc3 Bb4 4. e3 O-O 5. Bd3 d5 6. Nf3 a6 7. O-O dxc4 8. Bxc4
b5 9. Bd3 Bb7 10. a4 c6 11. Ne4 Nbd7 12. Bd2 Be7 13. b4 Nxe4 14. Bxe4 Nf6 15.
Bd3 Qc7 16. Qb3 Rac8 17. Rfc1 Qb8 18. Ne5 Rfd8 19. f4 g6 20. f5 gxf5 21. Bxf5
Qd6 22. Rc5 Rf8 23. Bc2 Qd8 24. Rf1 Bxc5 25. bxc5 Nd7 26. Ng4 Qg5 27. Rf3 Qd5
28. Qd3 f5 29. Bb3 Nxc5 30. Bxd5 Nxd3 31. Bxe6+ Kg7 32. Bxf5 Rxf5 33. Rxf5 c5
34. Ne5 Be4 35. Rf7+ Kg8 36. Re7 Kf8 37. Re6 Bd5 38. Rd6 Nxe5 39. Rxd5 Nc4 40.
Bc3 b4 41. Be1 b3 42. Bc3 b2 43. Bxb2 Nxb2 44. dxc5 Nxa4 45. Rd7 Kg8 46. Ra7
Nxc5 47. Kf2 Rd8 48. Kf3 Rd7 49. Ra8+ Kf7 50. Kf4 Rd2 51. Ra7+ Kg6 52. Kf3 Rd7
53. Ra8 Rf7+ 54. Ke2 Kf5 55. Rc8 Ne6 56. Rc6 Ra7 57. Kd3 a5 58. Rc3 a4 59. Ra3
Rc7 60. Kd2 Nc5 61. Kc3 Ke5 62. Kc4 Kd6 63. Ra2 Ne4+ 64. Kd4 Nc5 65. Kc4 Kc6 66.
g4 Re7 67. Re2 Re4+ 68. Kc3 Rxg4 69. Kb2 Kb5 70. Ka3 Rb4 71. h3 Rb3+ 72. Ka2 Nd3
73. Rg2 Nb4+ 74. Ka1 Kc4 75. Rg7 Rxe3 76. Rxh7 0-1

[Event "World Rapid 2023"]
[Site "Samarkand UZB"]
[Date "2023.12.28"]
[EventDate "2023.12.26"]
[Round "12.68"]
[Result "0-1"]
[White "Kanan Garayev"]
[Black "Gabriel Gaehwiler"]
[WhiteElo "2356"]
[BlackElo "2381"]
[PlyCount "78"]

1. d4 Nf6 2. c4 g6 3. g3 Bg7 4. Bg2 O-O 5. Nc3 d6 6. Nf3 c6 7. O-O Bf5 8. Ng5 e5
9. d5 h6 10. e4 Bd7 11. Nf3 cxd5 12. cxd5 b5 13. a3 a5 14. Ne1 Na6 15. Nd3 Qb8
16. b4 Rc8 17. Bd2 axb4 18. axb4 Rc4 19. Qb3 Rd4 20. Qb1 Qb7 21. f3 Rc8 22. Ne2
Rdc4 23. Be3 Rc2 24. Ra2 R2c4 25. Qa1 Nxb4 26. Nxb4 Rxb4 27. Ra7 Qb8 28. f4 Ra4
29. Rxa4 bxa4 30. Rb1 Qa8 31. Qa3 Ng4 32. Bb6 Bf8 33. h3 Nf6 34. Qf3 Bg7 35. g4
Rb8 36. g5 hxg5 37. fxg5 Nxe4 38. Rf1 Bf5 39. Be3 a3 0-1

[Event "World Rapid 2023"]
[Site "Samarkand UZB"]
[Date "2023.12.28"]
[EventDate "2023.12.26"]
[Round "12.93"]
[Result "1-0"]
[White "Tigran K Harutyunyan"]
[Black "Felix Xie"]
[WhiteElo "2519"]
[BlackElo "2244"]
[PlyCount "92"]

1. Nf3 Nf6 2. g3 g6 3. Bg2 Bg7 4. d4 d5 5. c4 O-O 6. cxd5 Nxd5 7. O-O Nb6 8. Nc3
Nc6 9. e3 e5 10. d5 Na5 11. e4 c6 12. h3 cxd5 13. exd5 Nac4 14. Re1 f6 15. b3
Nd6 16. Ba3 Rf7 17. Qd2 Bf8 18. Qe2 Rc7 19. Bxd6 Bxd6 20. Ne4 Bb4 21. Red1 Bf5
22. g4 Bxe4 23. Qxe4 Bd6 24. h4 Qf8 25. Bh3 Nc8 26. Qe2 Qe7 27. h5 Qg7 28. hxg6
hxg6 29. Qe4 Ne7 30. Kf1 Rac8 31. Nd2 Qh6 32. Kg2 Rc3 33. Nf3 Qg7 34. Kf1 R3c5
35. Nd2 Qh6 36. Bg2 f5 37. Qa4 b5 38. Qxa7 Rc2 39. Qe3 Qxe3 40. fxe3 e4 41. Kg1
R8c3 42. gxf5 gxf5 43. a4 bxa4 44. bxa4 Rxe3 45. Bf1 Bc5 46. Kh1 Rg3 1-0

[Event "World Rapid 2023"]
[Site "Samarkand UZB"]
[Date "2023.12.28"]
[EventDate "2023.12.26"]
[Round "12.94"]
[Result "1-0"]
[White "Lev Zverev"]
[Black "Ali Kasimov"]
[WhiteElo "2343"]
[BlackElo "2206"]
[PlyCount "98"]

1. e4 c5 2. Nf3 e6 3. d4 cxd4 4. Nxd4 Nc6 5. Nc3 Qc7 6. Be3 a6 7. Qd2 Nf6 8. f4
Bb4 9. Bd3 d6 10. a3 Bc5 11. Nb3 Bxe3 12. Qxe3 O-O 13. O-O b5 14. Rae1 g6 15.
Kh1 Bb7 16. Qg3 b4 17. axb4 Nxb4 18. Qh4 Kg7 19. e5 Nd7 20. f5 Nxd3 21. f6+ Kh8
22. cxd3 g5 23. exd6 Qxd6 24. Qf2 Rg8 25. Na5 Bd5 26. Nc4 Bxc4 27. dxc4 Qc6 28.
Ne4 Ne5 29. Qd4 Qc7 30. Nd6 Rad8 31. Rd1 Rxd6 32. Qxd6 Qxd6 33. Rxd6 Nxc4 34.
Rd7 Rf8 35. Rc1 Ne5 36. Ra7 h6 37. Rxa6 Rb8 38. h3 Rxb2 39. Rc5 Re2 40. Raa5 Nd7
41. Rc7 Ne5 42. Ra6 Rf2 43. Ra5 Re2 44. Ra1 Kh7 45. Rf1 Kg6 46. Rc8 g4 47. Rg8+
Kh5 48. hxg4+ Nxg4 49. Rg7 1-0

[Event "World Rapid 2023"]
[Site "Samarkand UZB"]
[Date "2023.12.28"]
[EventDate "2023.12.26"]
[Round "12.95"]
[Result "1-0"]
[White "Khalil Nafri"]
[Black "Sumiya Chinguun"]
[WhiteElo "2248"]
[BlackElo "2319"]
[PlyCount "124"]

1. e4 c5 2. Nf3 Nc6 3. d4 cxd4 4. Nxd4 g6 5. Nc3 Bg7 6. Be3 Nf6 7. Bc4 O-O 8.
Bb3 Re8 9. f3 e6 10. O-O d5 11. exd5 Nxd5 12. Nxd5 exd5 13. Bf2 Qg5 14. c3 Bh3
15. Bg3 Nxd4 16. cxd4 Bd7 17. Rc1 Bb5 18. f4 Qf6 19. Rf2 Qxd4 20. Kh1 Qxd1+ 21.
Rxd1 d4 22. f5 Be2 23. fxg6 hxg6 24. Bxf7+ Kh7 25. Rd2 d3 26. Bxe8 Rxe8 27. Rf7
Kg8 28. Rd7 Rf8 29. h3 Rf1+ 30. Kh2 Rb1 31. b3 b5 32. R2xd3 Bxd3 33. Rxd3 a5 34.
Rd5 a4 35. Rxb5 a3 36. Bd6 Rb2 37. Bxa3 Rxa2 38. Bd6 Bd4 39. Rb7 Ra6 40. Bf4 Rf6
41. g3 g5 42. Rd7 Bb6 43. Rd6 Rf8 44. Rg6+ Kh7 45. Rxg5 Rc8 46. h4 Bd8 47. Rd5
Kg6 48. b4 Kf7 49. b5 Ke6 50. Rd6+ Kf5 51. b6 Bxh4 52. b7 Rh8 53. Kg2 Kg4 54.
Rg6+ Kh5 55. Rh6+ Rxh6 56. Bxh6 Bf6 57. b8=Q Kg6 58. Bf4 Kf5 59. Kf3 Kg6 60. g4
Be7 61. Qe8+ Kf6 62. Bg5+ 1-0

[Event "World Rapid 2023"]
[Site "Samarkand UZB"]
[Date "2023.12.28"]
[EventDate "2023.12.26"]
[Round "12.96"]
[Result "1-0"]
[White "Jaloliddin Ilkhomi"]
[Black "Jamshid Mustafaev"]
[WhiteElo "2222"]
[BlackElo "2313"]
[PlyCount "126"]

1. Nf3 Nf6 2. c4 g6 3. Nc3 Bg7 4. e4 d6 5. d4 O-O 6. Be2 Nbd7 7. O-O e5 8. h3
exd4 9. Nxd4 Nc5 10. Bf3 Re8 11. Re1 a5 12. b3 Nfd7 13. Bb2 Ne5 14. Be2 a4 15.
Rb1 axb3 16. axb3 c6 17. Nf3 Qe7 18. Nxe5 dxe5 19. Bf1 Rd8 20. Qc2 Qg5 21. Bc1
Qh4 22. Be3 Ne6 23. Ne2 Nd4 24. Bxd4 exd4 25. Qd3 f5 26. Ng3 Ra2 27. Re2 Rxe2
28. Bxe2 fxe4 29. Nxe4 Bf5 30. Bf3 Bxe4 31. Bxe4 Rf8 32. Rf1 Be5 33. c5 Qe7 34.
b4 Kh8 35. Re1 Qf6 36. Rf1 Bc7 37. g3 Qg7 38. Kg2 Re8 39. Re1 Qf6 40. Re2 Rf8
41. Bf3 Kg7 42. Re4 Rd8 43. Re2 Rd7 44. b5 cxb5 45. Qxb5 Rf7 46. Qd3 b5 47. Rb2
h5 48. h4 b4 49. Rxb4 g5 50. hxg5 Qxg5 51. Qxd4+ Be5 52. Qh4 Qd2 53. Qxh5 Qxb4
54. Qxe5+ Rf6 55. Qg5+ Rg6 56. Qe7+ Kh6 57. Qf8+ Rg7 58. Qh8+ Kg6 59. Bh5+ Kf6
60. Qf8+ Kg5 61. Qxg7+ Kxh5 62. Qh7+ Kg5 63. Qh4+ 1-0

[Event "World Rapid 2023"]
[Site "Samarkand UZB"]
[Date "2023.12.28"]
[EventDate "2023.12.26"]
[Round "12.97"]
[Result "1-0"]
[White "Asrorjon Omonov"]
[Black "David Bogdan"]
[WhiteElo "2224"]
[BlackElo "1671"]
[PlyCount "66"]

1. d4 d5 2. c4 e6 3. Nc3 Be7 4. Nf3 Nf6 5. e3 O-O 6. Bd3 c6 7. O-O dxc4 8. Bxc4
c5 9. Qe2 Nc6 10. Rd1 cxd4 11. exd4 a6 12. Bb3 b5 13. d5 Na5 14. dxe6 Qc7 15.
exf7+ Kh8 16. Nd5 Nxd5 17. Bxd5 Bb7 18. Ne5 Bxd5 19. Rxd5 Qb6 20. Be3 Qe6 21.
Rad1 Nc4 22. Nxc4 bxc4 23. Qxc4 Qxf7 24. h3 h6 25. b3 Bg5 26. Bxg5 Qxf2+ 27. Kh1
hxg5 28. Rxg5 Rf7 29. Rh5+ Kg8 30. Qe4 Raa7 31. Rd8+ Rf8 32. Qh7+ Kf7 33. Rf5+ 1-0

[Event "World Rapid 2023"]
[Site "Samarkand UZB"]
[Date "2023.12.28"]
[EventDate "2023.12.26"]
[Round "13.7"]
[Result "1-0"]
[White "Parham Maghsoodloo"]
[Black "Ian Nepomniachtchi"]
[WhiteElo "2742"]
[BlackElo "2771"]
[PlyCount "114"]

1. Nf3 Nf6 2. c4 e6 3. Nc3 d5 4. d4 Be7 5. cxd5 exd5 6. Bf4 c6 7. e3 Bf5 8. Nh4
Bg4 9. Qc2 Nh5 10. h3 Be6 11. Nf3 Nxf4 12. exf4 Bd6 13. g3 g6 14. Bd3 Nd7 15.
Kf1 Qf6 16. Kg2 O-O 17. h4 c5 18. Nb5 Be7 19. dxc5 Nxc5 20. Nbd4 Rac8 21. h5 Ne4
22. Qe2 Bc5 23. Nxe6 Qxe6 24. hxg6 hxg6 25. Bxe4 Qxe4 26. Qxe4 dxe4 27. Ng5 Rfe8
28. Rae1 e3 29. fxe3 Rxe3 30. Rxe3 Bxe3 31. Re1 Bd4 32. Re7 Rc2+ 33. Kh3 f5 34.
Re8+ Kg7 35. Ne6+ Kf7 36. Nxd4 Rd2 37. Rd8 Rxb2 38. Rd7+ Kf6 39. Nf3 Ke6 40. Rg7
Kf6 41. Rc7 Ke6 42. a4 a5 43. Rc5 b6 44. Rc6+ Kd5 45. Rxg6 Rb4 46. Ne5 Ke4 47.
Kh4 Rxa4 48. Rxb6 Ra1 49. Kg5 Ra3 50. Kh4 Ra1 51. Rb3 a4 52. Rb4+ Kd5 53. Kg5 a3
54. Kxf5 Rg1 55. Rb5+ Kd4 56. Nf3+ Kc4 57. Ra5 1-0

[Event "World Rapid 2023"]
[Site "Samarkand UZB"]
[Date "2023.12.28"]
[EventDate "2023.12.26"]
[Round "13.8"]
[Result "1-0"]
[White "Fabiano Caruana"]
[Black "Pouya Idani"]
[WhiteElo "2794"]
[BlackElo "2602"]
[PlyCount "64"]

1. e4 e5 2. Nf3 Nc6 3. Bc4 Nf6 4. d3 d5 5. exd5 Nxd5 6. O-O Be7 7. a4 Be6 8. Re1
f6 9. d4 Ne3 10. Bxe3 Bxc4 11. Nbd2 Bf7 12. dxe5 fxe5 13. Qe2 O-O 14. Rad1 Qd5
15. Nb1 Qe6 16. Ng5 Bxg5 17. Bxg5 Qg6 18. Be3 Nb4 19. Na3 Bd5 20. Qf1 Bf3 21.
Rd2 Rad8 22. Kh1 Bc6 23. f3 Rxd2 24. Bxd2 e4 25. f4 Nd5 26. Be3 Nxf4 27. Bxf4 e3
28. Qc4+ Kh8 29. Bg3 Rf2 30. Rg1 Qf5 31. Bxf2 Qxf2 32. Qf1 1-0

[Event "World Rapid 2023"]
[Site "Samarkand UZB"]
[Date "2023.12.28"]
[EventDate "2023.12.26"]
[Round "13.10"]
[Result "0-1"]
[White "Anton Guijarro, David"]
[Black "Alexander Grischuk"]
[WhiteElo "2670"]
[BlackElo "2732"]
[PlyCount "134"]

1. e4 c5 2. Nf3 d6 3. Bb5+ Nd7 4. c4 Nf6 5. Nc3 a6 6. Ba4 e6 7. O-O Be7 8. d3
O-O 9. Qe2 Qc7 10. Ne1 Ne5 11. f4 Nc6 12. Nf3 Nd4 13. Nxd4 cxd4 14. Nb1 Nd7 15.
Nd2 b5 16. Bb3 Nc5 17. Nf3 e5 18. cxb5 Nxb3 19. axb3 Qb8 20. Bd2 f6 21. bxa6
Bxa6 22. Nh4 Qxb3 23. Nf5 Rfe8 24. Ra3 Qb7 25. Nxe7+ Qxe7 26. Rfa1 Bb7 27. Bb4
Rxa3 28. bxa3 Qd7 29. Qf2 d5 30. exd5 Qxd5 31. Re1 h6 32. fxe5 fxe5 33. h3 Bc6
34. Rc1 Qd7 35. Re1 Kh8 36. Rf1 Qd5 37. Re1 Re6 38. Qf8+ Kh7 39. Qf5+ Rg6 40.
Re2 Bd7 41. Qe4 Qxe4 42. Rxe4 Bxh3 43. Re2 Bg4 44. Rxe5 Bf3 45. g3 Rxg3+ 46. Kf2
Rh3 47. Bc5 Bd1 48. Rd5 Rxd3 49. Rxd4 Rf3+ 50. Kg2 Rf5 51. Bb4 Ba4 52. Rd6 g5
53. Ra6 Bb5 54. Rb6 h5 55. Rb8 Bc6+ 56. Kh2 h4 57. Rc8 Rf2+ 58. Kg1 Rg2+ 59. Kf1
Rc2 60. Rc7+ Kg6 61. Ke1 g4 62. Be7 h3 63. Bd6 Kf5 64. a4 Ke4 65. a5 Ke3 66.
Re7+ Be4 67. Kd1 Rd2+ 0-1

[Event "World Rapid 2023"]
[Site "Samarkand UZB"]
[Date "2023.12.28"]
[EventDate "2023.12.26"]
[Round "13.12"]
[Result "0-1"]
[White "Subramaniyam H Bharath"]
[Black "Vladislav Artemiev"]
[WhiteElo "2504"]
[BlackElo "2711"]
[PlyCount "76"]

1. d4 Nf6 2. Bf4 b6 3. Nc3 Bb7 4. f3 e6 5. e4 a6 6. a4 Be7 7. Bd3 c5 8. dxc5
bxc5 9. e5 Nd5 10. Nxd5 Bxd5 11. Qe2 Nc6 12. c4 Nd4 13. Qf2 Bc6 14. Ne2 Nxe2 15.
Qxe2 Rb8 16. O-O Rb4 17. Rfb1 Qb8 18. b3 f6 19. Bc2 f5 20. Bd2 Rb7 21. Re1 O-O
22. Rad1 Rf7 23. Qf2 g5 24. Be3 Qf8 25. Qd2 Rg7 26. h3 h5 27. Rf1 f4 28. Bf2 g4
29. Be4 Bxe4 30. fxe4 gxh3 31. g3 fxg3 32. Be3 Rf7 33. Bf4 Bg5 34. Bxg5 Rxf1+
35. Rxf1 h2+ 36. Kg2 Qxf1+ 37. Kxf1 h1=Q+ 38. Ke2 Qg2+ 0-1

[Event "World Rapid 2023"]
[Site "Samarkand UZB"]
[Date "2023.12.28"]
[EventDate "2023.12.26"]
[Round "13.13"]
[Result "1/2-1/2"]
[White "Sarin Nihal"]
[Black "S L Narayanan"]
[WhiteElo "2688"]
[BlackElo "2677"]
[PlyCount "52"]

1. d4 Nf6 2. Nf3 d5 3. Bf4 c5 4. e3 Nc6 5. h3 cxd4 6. exd4 Bf5 7. c3 e6 8. Be2
Bd6 9. Bxd6 Qxd6 10. O-O O-O 11. Re1 Rab8 12. a4 Qc7 13. Bd3 Ne4 14. Qe2 Nd6 15.
Nbd2 Bxd3 16. Qxd3 h6 17. g3 b5 18. axb5 Rxb5 19. b3 Ra5 20. Kg2 Rxa1 21. Rxa1
Rb8 22. h4 Na5 23. b4 Nac4 24. Nxc4 Nxc4 25. Nd2 a5 26. bxa5 1/2-1/2

[Event "World Rapid 2023"]
[Site "Samarkand UZB"]
[Date "2023.12.28"]
[EventDate "2023.12.26"]
[Round "13.15"]
[Result "1-0"]
[White "Van Foreest, Jorden"]
[Black "Andrew Hong"]
[WhiteElo "2679"]
[BlackElo "2539"]
[PlyCount "76"]

1. e4 e5 2. Nf3 Nc6 3. Bb5 Nf6 4. O-O Nxe4 5. Re1 Nd6 6. Nxe5 Be7 7. Bf1 Nxe5 8.
Rxe5 O-O 9. d4 Bf6 10. Re1 Re8 11. Nc3 Rxe1 12. Qxe1 Bxd4 13. Bd3 Bxc3 14. Qxc3
Ne8 15. b3 d6 16. Bb2 Be6 17. Qb4 Bd5 18. Qf4 Nf6 19. Re1 Be6 20. h3 h6 21. c4
d5 22. Re3 Nh5 23. Qf3 Nf6 24. Qf4 Nh5 25. Qe5 Qg5 26. cxd5 Qxe5 27. Rxe5 Nf4
28. dxe6 Nxd3 29. Rd5 Nb4 30. Rd7 fxe6 31. Rxg7+ Kf8 32. Rxc7 Nxa2 33. Ba3+ Kg8
34. Rc2 a5 35. Rxa2 a4 36. Bb4 b5 37. bxa4 bxa4 38. Kf1 1-0

[Event "World Rapid 2023"]
[Site "Samarkand UZB"]
[Date "2023.12.28"]
[EventDate "2023.12.26"]
[Round "13.17"]
[Result "1/2-1/2"]
[White "Jakhongir Vakhidov"]
[Black "Javokhir Sindarov"]
[WhiteElo "2599"]
[BlackElo "2701"]
[PlyCount "62"]

1. c4 g6 2. Nc3 Bg7 3. Nf3 Nf6 4. g3 b6 5. d4 Bb7 6. Bg2 Ne4 7. Nxe4 Bxe4 8. O-O
O-O 9. Be3 d5 10. Qc1 Nc6 11. Rd1 Nb4 12. Ne1 Bxg2 13. Nxg2 Rc8 14. a3 Nc6 15.
b4 e6 16. cxd5 Qxd5 17. Nf4 Qd6 18. d5 exd5 19. Nxd5 Rcd8 20. Rb1 Nd4 21. Bxd4
Qxd5 22. Bxg7 Qxd1+ 23. Qxd1 Rxd1+ 24. Rxd1 Kxg7 25. Rc1 Rc8 26. Rc6 Kf8 27. Kf1
Ke7 28. Ke1 Kd7 29. Rf6 Ke7 30. Rc6 Kd7 31. Rf6 Ke7 1/2-1/2

[Event "World Rapid 2023"]
[Site "Samarkand UZB"]
[Date "2023.12.28"]
[EventDate "2023.12.26"]
[Round "13.18"]
[Result "1-0"]
[White "Ivan Cheparinov"]
[Black "Alisher Suleymenov"]
[WhiteElo "2663"]
[BlackElo "2513"]
[PlyCount "118"]

1. e4 c5 2. Nf3 Nc6 3. Bb5 g6 4. O-O Bg7 5. Bxc6 bxc6 6. Re1 Nh6 7. c3 O-O 8. h3
f5 9. e5 Nf7 10. d4 cxd4 11. cxd4 c5 12. dxc5 Bb7 13. Nc3 e6 14. Be3 g5 15. Qe2
Bxf3 16. Qxf3 Nxe5 17. Qe2 Ng6 18. Rad1 f4 19. Bc1 f3 20. Qd3 Ne5 21. Qd6 Qb8
22. g4 h6 23. Ne4 Rf7 24. b3 Nc6 25. Qxb8+ Rxb8 26. Nd6 Rff8 27. Nc4 Rf7 28. Re4
Nb4 29. Nd6 Rff8 30. Bd2 Nc6 31. b4 a6 32. a3 Be5 33. Nc4 Bc7 34. Be3 Rf7 35.
Nb6 Rd8 36. a4 Na7 37. Red4 Nc6 38. Re4 Na7 39. Rb1 Rb8 40. Nc4 Kf8 41. Kf1 Ke7
42. Ke1 Rff8 43. Kd2 Rb7 44. Kc3 Rfb8 45. Nb6 Nc6 46. Nd5+ Kd8 47. Nxc7 Kxc7 48.
h4 gxh4 49. Bf4+ e5 50. Rxe5 Rxb4 51. Rxb4 Rxb4 52. Re4+ Kb7 53. Rxb4+ Nxb4 54.
Kxb4 h3 55. Kc4 Kc6 56. a5 Kb7 57. Kd5 Kc8 58. c6 dxc6+ 59. Kxc6 1-0

[Event "World Rapid 2023"]
[Site "Samarkand UZB"]
[Date "2023.12.28"]
[EventDate "2023.12.26"]
[Round "13.19"]
[Result "0-1"]
[White "Guha Mitrabha"]
[Black "Maxim Matlakov"]
[WhiteElo "2508"]
[BlackElo "2670"]
[PlyCount "90"]

1. Nf3 d5 2. d4 Nf6 3. Bf4 Bf5 4. c4 e6 5. Nc3 Bb4 6. e3 O-O 7. Rc1 c5 8. Be2
dxc4 9. O-O Bxc3 10. Rxc3 b5 11. dxc5 Nd5 12. Rc1 Nxf4 13. exf4 Nc6 14. b3 Qa5
15. Qd2 Qxd2 16. Nxd2 Rfd8 17. Bf3 Rac8 18. Nb1 Nb4 19. bxc4 Nxa2 20. Rcd1 Bd3
21. Rfe1 bxc4 22. Rd2 Nb4 23. c6 Nxc6 24. Nc3 Nd4 25. Ra2 Rd7 26. Rea1 Rcc7 27.
Bd1 g6 28. Ra6 Kg7 29. f3 Rb7 30. R1a2 Nb5 31. Nxb5 Rxb5 32. Ba4 Rb1+ 33. Kf2
Rdb7 34. Ke3 Rc7 35. Bc2 Re1+ 36. Kd4 Rc1 37. Bxd3 Rd7+ 38. Ke3 Rxd3+ 39. Kf2 c3
40. Rxa7 Rd2+ 41. Kg3 Rg1 42. Kh3 c2 43. Rc7 Rgxg2 44. f5 Rxh2+ 45. Kg3 c1=Q 0-1